| 000 | 00823nam a2200217Ia 4500 | ||
|---|---|---|---|
| 003 | IT-RoPAU | ||
| 005 | 20220918175706.0 | ||
| 008 | 120407s9999 xx 000 0 und d | ||
| 040 |
_aIT-RoPAU _c20130318100210.0 |
||
| 040 | _cIT-RoPAU | ||
| 041 | _aita | ||
| 100 |
_aPia Società San Paolo _9464 |
||
| 245 |
_aCapitolo Generale, ordinario e speciale 1969. _bSchema analitico delle risposte inviate dai religiosi paolini alla trentacinque domande proposte loro |
||
| 250 | _a1° ed | ||
| 260 |
_aRoma _bPSSP (A uso manoscritto) _c1969 |
||
| 300 |
_a135 p. _c26 cm |
||
| 490 | _aEP | ||
| 520 | _aIndice Note esplicative I. - Il fine della nostra Congregazione II. - La vita della nostra Congregazione III. - L'apostolato IV. - La sacra Liturgia V. - Gli studi Indice analitico | ||
| 942 |
_cBK _2ddc |
||
| 999 |
_c25379 _d25379 |
||